Drying '80 /

Guardado en:
Autor Corporativo: International Symposium on Drying
Otros Autores: Mujumdar, A. S., (Editor , ed.)
Formato: Libro
Idioma:English
Publicado: Washington : Hemisphere Pub. Corp., c1980.
Materias:
Etiquetas: Agregar Etiqueta
Sin Etiquetas, Sea el primero en etiquetar este registro!
LEADER 01010pam a22002655a 4500
001 EIQ.libpla002151
008 800502s1980####dcua#####b####001#0#eng#d
005 20070425153821.0
245 0 0 |a Drying '80 /  |c edited by Arun S. Mujumdar. 
260 |a Washington :  |b Hemisphere Pub. Corp.,  |c c1980. 
300 |a 2 v. :  |b il. ;  |c 29 cm. 
504 |a Incluye referencias bibliográficas e índice. 
505 0 |a v. 1. Developments in drying -- v. 2. Proceeding of the second international symposium 
020 |a 0891161880 (set) 
020 |a 0891162003 (v. 1) 
020 |a 0891162011 (v. 2) 
700 1 |a Mujumdar, A. S.,  |e ed.  |4 edt 
711 2 |a International Symposium on Drying  |n (2nd :  |d 1980 :  |c McGill University) 
082 0 0 |a 660.2/8426 
650 4 |a Secado  |x Congresos. 
650 0 |a Drying  |x Congresses. 
010 |a  80015492  
040 |a DLC  |c DLC  |d AR-BbSID 
859 |a AR-BbSID  |b BIB. PLAPIQUI  |h 660.284 26  |i In 8  |p 938  |v Vol. 1  |3 Vol. 1 
859 |a AR-BbSID  |b BIB. PLAPIQUI  |h 660.284 26  |i In 8  |p 939  |v Vol. 2  |3 Vol. 2